000 00674nam a2200241Ia 4500
003 OSt
005 20220918230606.0
006 a|||||r|||| 00| 0
007 ta
008 220917b |||||||| |||| 00| 0 eng d
024 _a256,220
037 _cTextual
040 _aARTS
_cARTS
_beng
041 _2eng
_aeng
082 _aV2:71uM9, K6.16
100 _aCunningham A
_992853
245 0 _aTours in north and South Bihar in 1880-81
260 _aDelhi
_bIndological Book House
_c1966
490 _vVol . XVI
_aArcheological survey of India
650 _aHISTORY
942 _hV2:71uM9, K6.16
_cTEXL
_2CC
999 _c288455
_d288455